000 00457nam a2200181Ia 4500
005 20250423101612.0
008 250422s9999 xx 000 0 und d
020 _a0- 89391- 050- 3
050 _aQA 76 .W58/
100 _aWinograd, Terry
245 0 _aUnderstanding computers and cognition : a new foundation for design
260 _aNew Jersey
260 _bAblex Publ.
260 _c1985
300 _a207 p
650 _aComputers
942 _cBK
999 _c36728
_d36728